<?xml version="1.0" encoding="UTF-8"?>
<record
    xmlns:xsi="http://www.w3.org/2001/XMLSchema-instance"
    xsi:schemaLocation="http://www.loc.gov/MARC21/slim http://www.loc.gov/standards/marcxml/schema/MARC21slim.xsd"
    xmlns="http://www.loc.gov/MARC21/slim">

  <leader>02318nam a22002774a 4500</leader>
  <controlfield tag="003">BOLpUSFA</controlfield>
  <controlfield tag="005">20260407144050.0</controlfield>
  <controlfield tag="008">      t        bo     grm    001 | spa||</controlfield>
  <datafield tag="040" ind1=" " ind2=" ">
    <subfield code="a">BOLpUSFA</subfield>
  </datafield>
  <datafield tag="041" ind1=" " ind2=" ">
    <subfield code="a">spa</subfield>
  </datafield>
  <datafield tag="044" ind1=" " ind2=" ">
    <subfield code="a">BO</subfield>
  </datafield>
  <datafield tag="082" ind1=" " ind2=" ">
    <subfield code="a">ICO0047</subfield>
    <subfield code="b">V297dPG</subfield>
  </datafield>
  <datafield tag="100" ind1=" " ind2=" ">
    <subfield code="a">Vargas Mamani, Lidia</subfield>
  </datafield>
  <datafield tag="245" ind1=" " ind2=" ">
    <subfield code="a">Desarrollo de plan de marketing digital para el incremento de ventas en la Pasteler&#xED;a "Alarc&#xF3;n", Zona ciudad Sat&#xE9;lite - El Alto, Gesti&#xF3;n 2025</subfield>
  </datafield>
  <datafield tag="260" ind1=" " ind2=" ">
    <subfield code="a">El Alto: </subfield>
    <subfield code="b">Universidad Privada San Francisco de As&#xED;s. Carrera de Ingenier&#xED;a Comercial, </subfield>
    <subfield code="c">2025</subfield>
  </datafield>
  <datafield tag="300" ind1=" " ind2=" ">
    <subfield code="a">169 p. </subfield>
  </datafield>
  <datafield tag="502" ind1=" " ind2=" ">
    <subfield code="a">Modalidad: Proyecto de Grado - 
Tutor: Ing. Carlos Eduardo Villarroel Prieto</subfield>
  </datafield>
  <datafield tag="520" ind1=" " ind2=" ">
    <subfield code="a">La pasteler&#xED;a ALARCON, fundada el 28 de enero de 2020 en la ciudad de El Alto, 
es  un  emprendimiento  familiar  que  destaca  por  la  calidad  y  frescura  de  sus 
productos.  Actualmente  cuenta  con  cinco  sucursales,  siendo  de  la  zona  ciudad 
sat&#xE9;lite la que presenta menores ventas debido a la limitada visibilidad y falta de 
estrategias digitales efectivas. 

El proyecto tiene como objetivo desarrollar un plan de marketing para incrementar 
las ventas en la sucursal de ciudad sat&#xE9;lite. El an&#xE1;lisis FODA seg&#xFA;n el &#xE1;mbito digital 
identifico fortalezas como la reputaci&#xF3;n y calidad de sus productos, debilidades en 
la  capacitaci&#xF3;n  del  personal  y  ausencia  de  catalogo  digital,  oportunidades  en  el 
mercado online y amenazas por competencias con fuerte presencia digital. 

El plan propuesto incluye marketing de contenido, optimizaci&#xF3;n de redes sociales, 
presencia  en  apps  de  Delivery  y  pagina  Web  con  catalogo  digital,  siendo  un 
Embudo  de  marketing  y  el  modelo  de  las  4C  (Cliente,  Costo,  Conveniencia, 
Comunicaci&#xF3;n). 

Las proyecciones seg&#xFA;n la implementaci&#xF3;n de estrategias digitales estiman ventas 
en 12 meses, con una inversi&#xF3;n inicial de Bs.- 33,620.00 y un ROI de 25% y un 
ROAS de Bs 2.14, demostrando la viabilidad y rentabilidad del plan y fortaleciendo 
la presencia digital de la pasteler&#xED;a en el Alto. 
</subfield>
  </datafield>
  <datafield tag="650" ind1=" " ind2=" ">
    <subfield code="a">Ingenier&#xED;a Comercial </subfield>
  </datafield>
  <datafield tag="650" ind1=" " ind2=" ">
    <subfield code="a">Proyecto de Grado</subfield>
  </datafield>
  <datafield tag="650" ind1=" " ind2=" ">
    <subfield code="a">Marketing digital</subfield>
  </datafield>
  <datafield tag="650" ind1=" " ind2=" ">
    <subfield code="a">Alimentos</subfield>
  </datafield>
  <datafield tag="650" ind1=" " ind2=" ">
    <subfield code="a">Pasteler&#xED;as</subfield>
  </datafield>
  <datafield tag="651" ind1=" " ind2=" ">
    <subfield code="a">El Alto</subfield>
  </datafield>
  <datafield tag="942" ind1=" " ind2=" ">
    <subfield code="2">ddc</subfield>
    <subfield code="c">TE</subfield>
    <subfield code="z">LLO</subfield>
  </datafield>
  <datafield tag="999" ind1=" " ind2=" ">
    <subfield code="c">9683</subfield>
    <subfield code="d">9683</subfield>
  </datafield>
  <datafield tag="952" ind1=" " ind2=" ">
    <subfield code="0">0</subfield>
    <subfield code="1">0</subfield>
    <subfield code="2">ddc</subfield>
    <subfield code="4">0</subfield>
    <subfield code="7">0</subfield>
    <subfield code="8">2</subfield>
    <subfield code="a">BEA</subfield>
    <subfield code="b">BEA</subfield>
    <subfield code="c">3</subfield>
    <subfield code="d">2026-03-25</subfield>
    <subfield code="e">4</subfield>
    <subfield code="l">0</subfield>
    <subfield code="o">ICO0047 V297dPG</subfield>
    <subfield code="p">BEA01531</subfield>
    <subfield code="r">2026-03-25</subfield>
    <subfield code="w">2026-03-25</subfield>
    <subfield code="y">TE</subfield>
  </datafield>
</record>
